| 000 | 01245nam0a22002771 4500 | ||
|---|---|---|---|
| 001 | rc\2354581 | ||
| 005 | 20250623052105.0 | ||
| 035 | _a(NLR Aleph) 006592690 | ||
| 090 |
_a7163299 _c7163299 |
||
| 100 | _a20110829d1977 |||y0rusy50 ca | ||
| 101 | 0 | _arus | |
| 102 | _aRU | ||
| 105 | _ay z ||||| | ||
| 200 | 1 | _aИспользование химических реакций для определения поверхности контакта жидкость-газ в массообменных процессах | |
| 210 |
_aМинск _cБ. и. _d1977 |
||
| 215 |
_a20 с. _cграф. _d20 |
||
| 225 | 1 | _aМеждунар. центр. акад. наук. соц. стран для повышения квалификации науч. кадров по проблеме "Тепло- и массообмен". Ин-т тепло- и массообмена им. А.В. Лыкова АН БССР. Ин-т хим. физики АН СССР. ЦК ЛКСМБ. Препринт | |
| 320 | _aБиблиогр.: с. 19-20 | ||
| 700 | 1 |
_aНадь _bЭ. |
|
| 701 | 1 |
_aУйхиди _bА. |
|
| 801 | 0 |
_aRU _bNLR _gpsbo |
|
| 801 | 1 |
_aRU _bELAR _2rusmarc |
|
| 852 |
_aNLR _j77-4/19464 |
||
| 899 |
_aRuMoRGB _jБ 77-54/1824 |
||
| 942 | _cBOOK | ||
| 980 | _aNB | ||